MARC details
| 000 -CABECERA |
| campo de control de longitud fija |
02094nam a22002177a 4500 |
| 008 - DATOS DE LONGITUD FIJA--INFORMACIÓN GENERAL |
| campo de control de longitud fija |
251024b |||||||| |||| 00| 0 eng d |
| 020 ## - NÚMERO INTERNACIONAL ESTÁNDAR DEL LIBRO |
| Número Internacional Estándar del Libro |
9798217086283 |
| 040 ## - FUENTE DE LA CATALOGACIÓN |
| Centro/agencia transcriptor |
tbs |
| 050 ## - SIGNATURA TOPOGRÁFICA DE LA BIBLIOTECA DEL CONGRESO |
| Número de clasificación |
BF637.S4 |
| Número de documento/Ítem |
H443 2025 |
| 100 ## - ENTRADA PRINCIPAL--NOMBRE DE PERSONA |
| Nombre de persona |
Heinrichs, Jay |
| 9 (RLIN) |
26310 |
| Término indicativo de función/relación |
author |
| 245 ## - MENCIÓN DE TÍTULO |
| Título |
Aristotle's guide to self-persuasion |
| Resto del título |
: how ancient rhetoric, Taylor Swift, and your own soul can help you change your life |
| Mención de responsabilidad, etc. |
/ Jay Heinrichs. |
| 250 ## - MENCIÓN DE EDICIÓN |
| Mención de edición |
First edition. |
| 260 ## - PUBLICACIÓN, DISTRIBUCIÓN, ETC. |
| Lugar de publicación, distribución, etc. |
New York, NY : |
| Nombre del editor, distribuidor, etc. |
Crown, |
| Fecha de publicación, distribución, etc. |
2025. |
| 300 ## - DESCRIPCIÓN FÍSICA |
| Extensión |
ix, 273 pages ; |
| Dimensiones |
25 cm. |
| 520 ## - SUMARIO, ETC. |
| Sumario, etc. |
Rhetoric once sat at the center of elite education. Alexander the Great, Shakespeare, and Martin Luther King, Jr., used it to build empires, write deathless literature, and inspire democracies. Now it will help you to take leadership over yourself; not through pop psychology or empty inspiration, but with persuasive tools that have been tested for more than three thousand years. In Aristotle's Guide to Self-Persuasion, Heinrichs helps readers persuade their most difficult audiences -- themselves -- by using techniques invented by the likes of Aristotle and Cicero and deployed by our culture's most persuasive characters. With their help, rhetoric can convert the most negative situations into positive ones. Heinrichs brings in examples from history and pop culture -- Winston Churchill, Iron Man, Dolly Parton, and the woman who serendipitously invented the chocolate chip cookie -- to illustrate the concepts. But the core of the book tests the tools of self-persuasion and asks: Can the same techniques that seduce lovers, sell diet books, and overturn governments help us achieve our most desired goals? Filled with entertaining and scientific studies that showcase the power of what language can do for you, Aristotle's Guide to Self-Persuasion will teach you how to be the most successful person you can be, just by talking to yourself. |
| 650 #0 - PUNTO DE ACCESO ADICIONAL DE MATERIA--TÉRMINO DE MATERIA |
| Término de materia o nombre geográfico como elemento de entrada |
Persuasion (Rhetoric) |
| 9 (RLIN) |
11703 |
| 650 #0 - PUNTO DE ACCESO ADICIONAL DE MATERIA--TÉRMINO DE MATERIA |
| Término de materia o nombre geográfico como elemento de entrada |
Rhetoric and psychology |
| 9 (RLIN) |
26311 |
| 650 #0 - PUNTO DE ACCESO ADICIONAL DE MATERIA--TÉRMINO DE MATERIA |
| Término de materia o nombre geográfico como elemento de entrada |
Self-actualization (Psychology) |
| 9 (RLIN) |
7023 |
| 655 #0 - TÉRMINO DE INDIZACIÓN--GÉNERO/FORMA |
| Datos o término principal de género/forma |
Self-help publications |
| 9 (RLIN) |
23836 |
| 942 ## - ELEMENTOS DE ENTRADA AGREGADA (KOHA) |
| Fuente del sistema de clasificación o colocación |
Clasificación de Library of Congress |